La familia de Dios (Record no. 25891)

MARC details
000 -LEADER
campo de control de longitud fija 00799nam a2200241 i 4500
001 - NÚMERO DE CONTROL
campo de control 25891
003 - IDENTIFICADOR DE NÚMERO DE CONTROL
campo de control ES-MaACL
005 - FECHA Y HORA DE LA ÚLTIMA TRANSACCIÓN
campo de control 20230906153341.0
007 - CAMPO FIJO DE DESCRIPCIÓN FÍSICA--INFORMACIÓN GENERAL
campo de control de longitud fija t|
008 - DATOS DE LONGITUD FIJA--INFORMACIÓN GENERAL
campo de control de longitud fija 030103s1956 sp ||||1| spa d
100 1# - ENTRADA PRINCIPAL--NOMBRE DE PERSONA
Nombre de persona Arnaboldi, Paolo.
9 (RLIN) 23012
245 13 - MENCIÓN DEL TÍTULO
Título La familia de Dios
Resto del título : (Famiglia di Dio) /
Mención de responsabilidad, etc. Paolo Arnaboldi ; [traducción dirigida por Jesús L. de Lara].
260 ## - PUBLICACIÓN, DISTRIBUCIÓN, ETC.
Lugar de publicación, distribución, etc. Madrid :
Nombre del editor, distribuidor, etc. Euroamérica,
Fecha de publicación, distribución, etc. [1956] (
Fabricante Blass)
300 ## - DESCRIPCIÓN FÍSICA
Extensión 332 p., 8 lám. :
Otras características físicas 1 gráf. pleg. ;
Dimensiones 18 cm.
490 1# - MENCIÓN DE SERIE
Mención de serie Mundo mejor
500 ## - NOTA GENERAL
Nota general Precede a tít.: Fraterno Aiuto Cristiano.
700 1# - ENTRADA AGREGADA--NOMBRE PERSONAL
Nombre de persona Lara, Jesús L. de.
9 (RLIN) 70204
710 2# - ENTRADA AGREGADA--NOMBRE DE ENTIDAD CORPORATIVA
Nombre de entidad corporativa o nombre de jurisdicción como elemento de entrada Fraterno Aiuto Cristiano.
9 (RLIN) 4180
740 0# - ENTRADA AGREGADA--TÍTULO RELACIONADO/ANALÍTICO NO CONTROLADO
Título relacionado o analítico no controlado Famiglia di Dio.
830 0# - PUNTO DE ACCESO ADICIONAL DE SERIE-TÍTULO UNIFORME
Título uniforme Mundo mejor
9 (RLIN) 181381
852 ## - LOCALIZACIÓN
Ubicación ES-MaACL
Número de control de estantería C-11951
Sublocalización o colección R.39929
Holdings
Estatus retirado Estado de pérdida Estado de daño No para préstamo Biblioteca de origen Biblioteca actual Ubicación en estantería Fecha de adquisición Fuente de adquisición Total de préstamos Signatura topográfica completa Código de barras Visto por última vez Precio de reemplazo Tipo de ítem Koha
        Biblioteca del Ateneo de Madrid Biblioteca del Ateneo de Madrid Sala Palomar 17/01/2008     C-11951 1026711 23/02/2023 23/02/2023 Libro impreso